Catálogo público

Diccionario crítico etimológico de la lengua castellana (Record no. 84394)

MARC details
000 -CABECERA
campo de control de longitud fija 01293cam a22003497a 4500
003 - IDENTIFICADOR DEL NÚMERO DE CONTROL
campo de control CHAP
005 - FECHA Y HORA DE LA ÚLTIMA TRANSACCIÓN
campo de control 20220329142512.0
008 - DATOS DE LONGITUD FIJA--INFORMACIÓN GENERAL
campo de control de longitud fija 010807d1974 es rd 00010 spa
010 ## - NÚMERO DE CONTROL DE LA BIBLIOTECA DEL CONGRESO
Número de control de LC 84394
011 ## - ENLACE DEL NUMERO DE CONTROL DE LA BIBLIOTECA DEL CONGRESO [OBSOLETO]
Número de control de LC 85366
035 ## - NÚMERO DE CONTROL DEL SISTEMA
Número de control de sistema 95899
040 ## - FUENTE DE LA CATALOGACIÓN
Centro/agencia transcriptor CHAP
082 00 - NÚMERO DE LA CLASIFICACIÓN DECIMAL DEWEY
Número de clasificación 462
Número de documento/Ítem C6
100 00 - ENTRADA PRINCIPAL--NOMBRE DE PERSONA
Nombre de persona Corominas, Joan.
9 (RLIN) 28094
245 10 - MENCIÓN DE TÍTULO
Título Diccionario crítico etimológico de la lengua castellana
260 ## - PUBLICACIÓN, DISTRIBUCIÓN, ETC.
Lugar de publicación, distribución, etc. Madrid :
Nombre del editor, distribuidor, etc. Gredos,
Fecha de publicación, distribución, etc. 1974
300 ## - DESCRIPCIÓN FÍSICA
Extensión 4 v.
490 #0 - MENCIÓN DE SERIE
Mención de serie Bliblioteca Románica Hispánica ;
Designación de volumen o secuencia V. Diccionarios, 1
590 ## - NOTA LOCAL (RLIN)
Nota local BATCH-UPD
Procedencia (VM) [OBSOLETO] 10
Condición del los carretes individuales (VM) [OBSOLETO] 20130110
-- UCH01
-- 0802
590 ## - NOTA LOCAL (RLIN)
Nota local BATCH-UPD
Procedencia (VM) [OBSOLETO] 10
Condición del los carretes individuales (VM) [OBSOLETO] 20130410
-- UCH01
-- 0440
590 ## - NOTA LOCAL (RLIN)
Nota local BATCH-UPD
Procedencia (VM) [OBSOLETO] 10
Condición del los carretes individuales (VM) [OBSOLETO] 20130914
-- UCH01
-- 1049
590 ## - NOTA LOCAL (RLIN)
Nota local CONVERSION
Procedencia (VM) [OBSOLETO] 10
Condición del los carretes individuales (VM) [OBSOLETO] 20130109
-- UCH01
-- 1347
650 14 - PUNTO DE ACCESO ADICIONAL DE MATERIA--TÉRMINO DE MATERIA
Término de materia o nombre geográfico como elemento de entrada Español
Subdivisión general Etimología.
9 (RLIN) 37736
830 00 - PUNTO DE ACCESO ADICIONAL DE SERIE-TÍTULO UNIFORME
Título uniforme Bliblioteca Románica Hispánica ;
Designación de volumen o secuencia V. Diccionarios, 1
9 (RLIN) 13164
901 ## - ELEMENTOS DE DATOS A LOCAL LDA (RLIN)
a BK
905 ## - ELEMENTOS DE DATOS E LOCAL, LDE (RLIN)
a Mayto Villalobos S.
942 ## - ELEMENTOS DE PUNTO DE ACCESO ADICIONAL (KOHA)
Tipo de ítem Koha Libro
949 ## - PROCESAMIENTO DE INFORMACIÓN LOCAL (OCLC)
a 462 C6
b BC
c C
d 33724000837803
e C
f v.4
g DonaciØn CONASUPO
h 100845
i 95899
s b
949 ## - PROCESAMIENTO DE INFORMACIÓN LOCAL (OCLC)
a 462 C6
b BC
c C
d 33724000837894
e C
f v.1
g DonaciØn CONASUPO
h 100842
i 95899
s b
949 ## - PROCESAMIENTO DE INFORMACIÓN LOCAL (OCLC)
a 462 C6
b BC
c C
d 33724000837944
e C
f v.2
g DonaciØn CONASUPO
h 100843
i 95899
s b
949 ## - PROCESAMIENTO DE INFORMACIÓN LOCAL (OCLC)
a 462 C6
b BC
c C
d 33724000837993
e C
f v.3
g DonaciØn CONASUPO
h 100844
i 95899
s b
Holdings
Estado de retiro Estado de pérdida Fuente del sistema de clasificación o colocación Estado dañado Restricciones de uso No para préstamo Código de colección Localización permanente Ubicación/localización actual Ubicación en estantería Fecha de adquisición Fuente de adquisición Información codificada de la localización en otra ubicación Total de préstamos Signatura topográfica completa Código de barras Fecha visto por última vez Número de copia Precio válido a partir de Tipo de ítem Koha
    Dewey Decimal Classification   Préstamo interno   Consulta Biblioteca Central Biblioteca Central Planta alta - Coleción Consulta 31/12/2019 Donacion CONASUPO LIBRO   462 C6 33724000837803 31/12/2019 v.4 31/12/2019 Libro
    Dewey Decimal Classification   Préstamo interno   Consulta Biblioteca Central Biblioteca Central Planta alta - Coleción Consulta 31/12/2019 Donacion CONASUPO LIBRO   462 C6 33724000837894 31/12/2019 v.1 31/12/2019 Libro
    Dewey Decimal Classification   Préstamo interno   Consulta Biblioteca Central Biblioteca Central Planta alta - Coleción Consulta 31/12/2019 Donacion CONASUPO LIBRO   462 C6 33724000837944 31/12/2019 v.2 31/12/2019 Libro
    Dewey Decimal Classification   Préstamo interno   Consulta Biblioteca Central Biblioteca Central Planta alta - Coleción Consulta 31/12/2019 Donacion CONASUPO LIBRO   462 C6 33724000837993 31/12/2019 v.3 31/12/2019 Libro